000 00778nam a22001817a 4500
999 _c371793
_d371793
008 201127b ||||| |||| 00| 0 eng d
040 _aDE-2950
_bger
_cDE-2950
_erda
041 _ager
245 _aLicht an der Stadtbrücke wird bald früher ausgeknipst.
_bStrom sparen. Die Energiekrise hat Folgen für die blau-grüne Illuminierung - wenn auch sehr überschaubare. Die Beleuchtungszeit wird um eine Stunde gekürzt/
_cThomas Gutke
264 _c2022
653 _aFrankfurt (Oder)
653 _aBrückenbeleuchtung
773 _dFrankfurt (Oder) Märkisches Verlags- und Druckhaus GmbH & Co KG
_tMärkische Oderzeitung
_g33. Jahrgang (2022) Nr. 188 vom 13./14.08.2022, S. 15; Foto
942 _cA